La incertidumbre, entre el miedo y la esperanza /

সংরক্ষণ করুন:
গ্রন্থ-পঞ্জীর বিবরন
প্রধান লেখক: Santos, Boaventura de Sousa
অন্যান্য লেখক: Aguiló, Antoni (traductor)
বিন্যাস: গ্রন্থ
ভাষা:Spanish
ট্যাগগুলো: ট্যাগ যুক্ত করুন
কোনো ট্যাগ নেই, প্রথমজন হিসাবে ট্যাগ করুন!

MARC

LEADER 00000nam a22000007a 4500
003 cru CIDCACS/IIS
005 20180914100311.0
007 ta
008 180914s2016 cu |||p|r|||| 00| 0 spa d
999 |c 41682  |d 41682 
040 |c cru CIDCACS/IIS 
100 1 |9 7699  |a Santos, Boaventura de Sousa  
245 1 3 |a La incertidumbre, entre el miedo y la esperanza /  |c Boaventura de Sousa Santos 
300 |a páginas 89-95 
500 |a traducido del portugués por Antoni Aguiló 
700 1 |9 7700  |a Aguiló, Antoni  |e traductor 
773 0 |0 19037  |9 2289  |a Casa de las Américas  |d Cuba Casa de las Américas  |o 18655  |t Casa de las Américas / 
942 |2 ddc  |c PP